[Event "28th WJun Girls"]
[Site "Chotowa POL"]
[Date "2010.08.03"]
[Round "1"]
[White "Correa,Jaqueline Pamplona"]
[Black "Abdulla,K"]
[Result "1/2-1/2"]
[WhiteElo "1928"]
[BlackElo "2193"]

1.e4 c5 2.Nf3 e6 3.d4 cxd4 4.Nxd4 a6 5.Bd3 Nf6 6.O-O Qc7 7.Kh1 d6 8.f4 Be7
9.Nc3 O-O 10.Bd2 Nc6 11.Nxc6 bxc6 12.Qe2 Nd7 13.Rae1 e5 14.Na4 exf4 15.Bxf4 Ne5
16.c4 Qa5 17.b3 Be6 18.Bd2 Qc7 19.Bf4 Qa5 20.Qc2 Rfd8 21.Bd2 Qc7 22.Bf4 Bh4
23.Rd1 Qa5 24.Rde1 Be7 25.Bd2 Qc7 26.Bf4 Bh4 27.Rd1 Ng6 28.Be3 Bg4 29.Be2 Bxe2
30.Qxe2 Qe7 31.Qc2 Re8 32.Nc3 Ne5 33.Bf4 Rad8 34.Qd2 Bf6 35.h3 h6 36.Qc2 Qb7
37.Ne2 Kh7 38.Rd2 Rd7 39.Rfd1 Red8 40.Bh2 Kg8 41.Nd4 Bg5 42.Rf2 Qb4 43.Rdf1 Qc5
44.Qc3 Bf6 45.Rf5 Qb6 46.Bg1 c5 47.Nf3 Ng6 48.Qd2 Qc6 49.Qc2 Re8 50.Re1 Rde7
51.Nd2 Nh4 52.Rd5 Be5 53.Nf3 Nxf3 54.gxf3 Qc8 55.Qg2 Re6 56.Qg4 Qb8 57.f4 Bc3
58.Rc1 Bb4 59.Rcd1 Rxe4 60.Rxd6 R4e6 61.Rd7 Rf6 62.f5 Qa8+ 63.Kh2 Kh7 64.Bf2 Qb8+
65.Bg3 Qa8 66.R1d5 Be1 67.Be5 Rxe5 68.Rxe5 Qb8 69.Rd5 Bc3 70.Rd7 Be1 71.Rd5 Bc3
72.Qe4 Rc6 73.Kg2 Bxe5 74.Rxe5 Qd6 75.Rd5 Qf6 76.Kf3 h5 77.Qe3 Qh4 78.Kg2 Qf6
79.Rxc5 Rd6 80.Rd5 Rxd5 81.cxd5 Qxf5 82.Qf3 Qg5+ 83.Kf2 Qd2+ 84.Kg3 Qg5+  1/2-1/2

[Event "111th US Open"]
[Site "Irvine USA"]
[Date "2010.08.03"]
[Round "4"]
[White "Yanayt,E"]
[Black "Kleist,F"]
[Result "1-0"]
[WhiteElo "2173"]
[BlackElo "2114"]

1.e4 c5 2.Nf3 e6 3.d4 cxd4 4.Nxd4 a6 5.Bd3 Bc5 6.Nb3 Be7 7.c4 Qc7 8.Nc3 Nf6
9.O-O b6 10.Be3 d6 11.f4 Bb7 12.Kh1 Nbd7 13.Qf3 Rc8 14.Rae1 O-O 15.Qh3 g6
16.Bg1 Rfe8 17.f5 Bd8 18.Bd4 Ne5 19.Bxe5 dxe5 20.fxe6 fxe6 21.g4 Nd7 22.Qg3 Bg5
23.h4 Bf4 24.Qh3 g5 25.hxg5 Nf8 26.Qh5 Ng6 27.Rf3 Qe7 28.Ne2 Rf8 29.Ref1 Bxg5
30.Rxf8+ Rxf8 31.Rxf8+ Kxf8 32.c5 Be3 33.cxb6 Bxb6 34.Nd2 Be3 35.Nc4 Bf4
36.Kg1 Qc5+ 37.Kf1 Qe7 38.Nxf4 Qf7 39.Qh6+ Kg8 40.Nxe5 Nxe5 41.Ke2 Nxd3 42.Kxd3 e5
43.Qg5+ Qg7 44.Qd8+ Qf8 45.Ne6 Qxd8+ 46.Nxd8 Bc8 47.g5 Kg7 48.Nc6 Be6 49.Nxe5 Bxa2
50.b4 Be6 51.Kd4 Bh3 52.Nd3 Bf1 53.Nf4 Kf7 54.e5 Bb5 55.e6+ Kg7 56.Ke5 Ba4
57.Kd6 Bb5 58.Ke7 Ba4 59.Kd8 Bb5 60.e7 Kf7 61.Nd5 Kg6 62.Nf6 Kxg5 63.Nxh7+ Kf5
64.Nf8  1-0

[Event "19th Open"]
[Site "Kavala GRE"]
[Date "2010.08.06"]
[Round "8"]
[White "Shyam,SM"]
[Black "Nikolov,Mo"]
[Result "1/2-1/2"]
[WhiteElo "2414"]
[BlackElo "2552"]

1.e4 c5 2.Nf3 e6 3.d4 cxd4 4.Nxd4 a6 5.Bd3 Nf6 6.O-O Qc7 7.Qe2 d6 8.c4 g6
9.Nc3 Bg7 10.Rd1 O-O 11.Nf3 Nc6 12.h3 Nd7 13.Bf4 Bxc3 14.bxc3 f6 15.Nh2 Nce5
16.Rab1 Nc5 17.Bc2 Nf7 18.Ng4 Kg7 19.Nxf6 Kxf6 20.Bxd6 Nxd6 21.e5+ Kg7 22.exd6 Qc6
23.Rd4 b6 24.Rbd1 Bb7 25.Rg4 Rf6 26.h4 Rg8 27.h5 Kf7 28.Qe3 Ke8 29.Qh6 Qd7
30.hxg6 hxg6 31.Bxg6+ Kd8 32.Bf7 Qxf7 33.Rxg8+ Qxg8 34.Qxf6+ Kc8 35.f3 Bc6
36.Re1 Kb7 37.Qe7+ Bd7 38.Re5 Kc6 39.Rg5 Qh8 40.Rg7 Qh6 41.Rg5 Qh8 42.Rg7 Qh6
43.Rg5 Qh8  1/2-1/2

[Event "ch-SLO w"]
[Site "Ljubljana SLO"]
[Date "2010.08.08"]
[Round "2"]
[White "Bajt,I"]
[Black "Kolaric,S"]
[Result "1-0"]
[WhiteElo "2189"]
[BlackElo "1996"]

1.e4 c5 2.Nf3 e6 3.d4 cxd4 4.Nxd4 a6 5.Bd3 Qc7 6.c4 Nf6 7.O-O Nc6 8.Nxc6 dxc6
9.f4 e5 10.f5 Bd7 11.Be3 Be7 12.a3 O-O 13.g4 Rfd8 14.g5 Ne8 15.c5 Bc8 16.Qb3 Rd4
17.Bxd4 exd4 18.g6 Bxc5 19.gxf7+ Kf8 20.fxe8=Q+ Kxe8 21.Qg8+ Bf8 22.Nd2 b5
23.e5 c5 24.e6 Bb7 25.e7 Kxe7 26.Rae1+ Kf6 27.Qxh7  1-0

[Event "Open"]
[Site "Minsk BLR"]
[Date "2010.08.08"]
[Round "5"]
[White "Ulasevich,S"]
[Black "Lutsko,I"]
[Result "0-1"]
[WhiteElo "2157"]
[BlackElo "2421"]

1.e4 c5 2.Nf3 e6 3.d4 cxd4 4.Nxd4 a6 5.Bd3 Nf6 6.Nc3 d6 7.f4 Nbd7 8.Qf3 Qb6
9.Nb3 Qc7 10.g4 h6 11.h4 h5 12.g5 Ng4 13.g6 Ndf6 14.Bd2 b5 15.O-O-O Bb7 16.Rhe1 Be7
17.gxf7+ Kxf7 18.f5 e5 19.Bg5 Qb6 20.Re2 Rac8 21.Nd5 Bxd5 22.exd5 a5 23.Nd2 a4
24.Ne4 Nxe4 25.Bxe4 Bf6 26.Kb1 b4 27.Qg3 Rc4 28.Bd3 Rd4 29.Re4 a3 30.Qg1 Re8
31.Rxg4 hxg4 32.Be3 e4 33.Qxg4 exd3 34.Qh5+ Kf8 35.Bxd4 Qxd4 36.Qh8+ Kf7
37.Qh5+ Ke7 38.Re1+ Be5  0-1

[Event "Twente Young Masters"]
[Site "Enschede NED"]
[Date "2010.08.09"]
[Round "1"]
[White "Kravtsiv,M"]
[Black "Van Assendelft,F"]
[Result "1-0"]
[WhiteElo "2559"]
[BlackElo "2374"]

1.e4 c5 2.Nf3 e6 3.d4 cxd4 4.Nxd4 a6 5.Bd3 Bc5 6.Nb3 Be7 7.O-O d6 8.Nc3 Nf6
9.f4 Qc7 10.Qf3 Nbd7 11.Bd2 b5 12.Rae1 Bb7 13.Qh3 b4 14.Nd1 g6 15.Nf2 d5
16.e5 Ne4 17.Nxe4 dxe4 18.Bxe4 Bxe4 19.Rxe4 Qxc2 20.Qf3 Nb6 21.Rc1 Qxb2 22.Re2 Nd5
23.Bxb4 Qxc1+ 24.Nxc1 Bxb4 25.Nd3 Bc3 26.h3 Rb8 27.Kh2 Rb1 28.f5 O-O 29.fxe6 fxe6
30.Qg4 Rf5 31.Qc4 Kg7 32.Nc5 Bxe5+ 33.Rxe5 Rxe5 34.Qd4 Re1 35.Nd3 Re4 36.Qa1 Kf6
37.Nxe5 Rxe5 38.Qf1+ Kg5 39.Qxa6 Nf4 40.a4 Re2 41.Qc6 e5 42.a5 Ra2 43.a6 Kf5
44.Qb7  1-0

[Event "ch-FRA NatB"]
[Site "Belfort FRA"]
[Date "2010.08.11"]
[Round "3"]
[White "Lagarde,Max"]
[Black "Shchekachev,A"]
[Result "1-0"]
[WhiteElo "2414"]
[BlackElo "2546"]

1.e4 c5 2.Nf3 e6 3.d4 cxd4 4.Nxd4 a6 5.Bd3 Qc7 6.O-O Bc5 7.Nb3 Be7 8.Qe2 d6
9.f4 Nd7 10.Nc3 b5 11.Be3 Ngf6 12.a4 b4 13.Nb1 Bb7 14.c3 bxc3 15.Nxc3 O-O
16.Rac1 Qd8 17.Nd4 Nc5 18.b4 Nxd3 19.Qxd3 Rc8 20.Rfd1 Ng4 21.Kh1 Nxe3 22.Qxe3 Qb6
23.b5 axb5 24.Ncxb5 e5 25.Nf5 Qxe3 26.Nxe3 Bxe4 27.Nc4 exf4 28.Nbxd6 Bxd6
29.Nxd6 Rxc1 30.Rxc1 f5 31.Kg1 Bd3 32.Rc3 Ba6 33.Rc6 Bd3 34.a5 Ra8 35.Rc3 Be4
36.a6 g5 37.Rc8+ Rxc8 38.Nxc8 f3 39.Nd6 Ba8 40.g3 Kg7 41.Nxf5+ Kf6 42.Ne3 Ke5
43.Kf2 Kd4 44.Ng4 Kc5 45.Ne5 Kb6 46.Nxf3 h6 47.Ne5 Kxa6 48.Nf7 Kb5 49.Nxh6 Bd5
50.Ng4 Kc5 51.Nf6  1-0

[Event "ch-SLO"]
[Site "Ljubljana SLO"]
[Date "2010.08.11"]
[Round "5"]
[White "Srebrnic,M"]
[Black "Gjuran,D"]
[Result "1/2-1/2"]
[WhiteElo "2331"]
[BlackElo "2351"]

1.e4 c5 2.Nf3 e6 3.d4 cxd4 4.Nxd4 a6 5.Bd3 Nf6 6.O-O Qc7 7.Qe2 d6 8.a4 Be7
9.Nc3 b6 10.Kh1 Bb7 11.f4 Nbd7 12.Bd2 h5 13.Rf3 Nc5 14.b4 Nxd3 15.cxd3 g6
16.Rc1 Rc8 17.Rff1 Qd7 18.b5 d5 19.e5 Ng4 20.Qd1 Bc5 21.Nce2 O-O 22.h3 Nh6
23.Qb3 axb5 24.axb5 Ra8 25.Ra1 Rfc8 26.Qb2 Kh7 27.Rxa8 Rxa8 28.Ra1 Qe8 29.Bc3 Ng8
30.Kh2 Ne7 31.g4 hxg4 32.hxg4 Rxa1 33.Qxa1 Bc8 34.Kg2 Qf8 35.Kg3 Bd7 36.Nf3 Bxb5
37.Ng5+ Kg7 38.Nd4 Bxd4 39.Bxd4 Nc6 40.Bxb6 Bxd3 41.Qh1 Qg8 42.Qh4 Bc4 43.Be3 d4
44.Bd2 Qh8 45.Qxh8+ Kxh8 46.Nxf7+ Kg7 47.Ng5 Nd8 48.Ba5 Nc6 49.Bb6 d3 50.Nf3 Bd5
51.Nd2 Nb4 52.Kf2  1/2-1/2

[Event "Negroponte Open"]
[Site "Chalkis GRE"]
[Date "2010.08.12"]
[Round "4"]
[White "Baghdasaryan,V"]
[Black "Kalegin,E"]
[Result "1-0"]
[WhiteElo "2229"]
[BlackElo "2453"]

1.e4 c5 2.Nf3 e6 3.d4 cxd4 4.Nxd4 a6 5.Bd3 Nf6 6.Nc3 Qc7 7.O-O d6 8.f4 Nbd7
9.Qf3 Be7 10.Qg3 g6 11.Bd2 b6 12.Rae1 Bb7 13.e5 Nh5 14.Qf2 Nc5 15.f5 Nxd3
16.cxd3 dxe5 17.fxe6 f6 18.Nb3 O-O 19.Be3 Qc8 20.Na4 Qxe6 21.Nxb6 Rad8 22.Na5 Bd5
23.Rc1 Bd6 24.Bh6 Rfe8 25.Nxd5 Qxd5 26.Nc6 Rc8 27.Qb6 Nf4 28.Bxf4 exf4 29.d4 Qxa2
30.b3 Qe2 31.d5 g5 32.Rfe1 Qxe1+ 33.Rxe1 Rxe1+ 34.Kf2 Re4 35.b4 Rce8 36.Nd4 R8e5
37.Nf3 Re8 38.Qxd6 Re2+ 39.Kf1 g4 40.Nd4 Re1+ 41.Kf2 R8e4 42.Qxf6 R1e3 43.Qg5+ Kf7
44.Qh5+ Kf6 45.Qf5+ Ke7 46.Qxg4 Rd3 47.Qg7+ Kd6 48.Nf5+ Kxd5 49.Qd7+ Kc4
50.Qc6+  1-0

[Event "Tch-ESP CECLUB GpA"]
[Site "Burguillos ESP"]
[Date "2010.08.13"]
[Round "5"]
[White "Berbatov,K"]
[Black "Paramos Dominguez,R"]
[Result "1-0"]
[WhiteElo "2455"]
[BlackElo "2448"]

1.e4 c5 2.Nf3 e6 3.d4 cxd4 4.Nxd4 a6 5.Bd3 Nf6 6.O-O e5 7.Nf3 Nc6 8.Bg5 h6
9.Bxf6 Qxf6 10.Nc3 Bc5 11.Nd5 Qd8 12.c3 d6 13.b4 Ba7 14.a4 Be6 15.Bc4 Rc8
16.Qd3 O-O 17.a5 Kh8 18.Rad1 Bg4 19.Ba2 f5 20.h3 fxe4 21.Qxe4 Bf5 22.Qe2 e4
23.Nd2 Qh4 24.Ne3 Rce8 25.Ndc4 Bxh3 26.Rxd6 Be6 27.g3 Qh3 28.Rxe6 Rxe6 29.Qg4 Qxg4
30.Nxg4 Re7 31.Kg2 Rd8 32.Bb1 Rd5 33.Re1 Rg5 34.Nge3 Ne5 35.Bxe4 Bxe3 36.Nxe3 Ng4
37.Nxg4 Rxg4 38.f3 Rg5 39.Rd1 g6 40.c4 Kg7 41.Rd6 Rf7 42.c5 Re5 43.Rxg6+ Kf8
44.Rxh6 Rg7 45.Rb6 Ree7 46.g4 Ke8 47.c6 bxc6 48.Bxc6+ Kd8 49.Rxa6 Re2+ 50.Kg3 Rg6
51.Ra8+ Kc7 52.Be4 Rg5 53.b5 Rb2 54.b6+ Kd6 55.b7 Rgb5 56.a6  1-0

[Event "Negroponte Open"]
[Site "Chalkis GRE"]
[Date "2010.08.14"]
[Round "6"]
[White "Nikolaidis,I"]
[Black "Nikolov,Mo"]
[Result "1/2-1/2"]
[WhiteElo "2493"]
[BlackElo "2552"]

1.e4 c5 2.Nf3 e6 3.d4 cxd4 4.Nxd4 a6 5.Bd3 Nf6 6.O-O Qc7 7.Nd2 d6 8.f4 Nbd7
9.Qe2 Be7 10.N2b3 b6 11.Bd2 Bb7 12.Rae1 Nc5 13.e5 Nfe4 14.Nxc5 Nxc5 15.b4 Nxd3
16.cxd3 O-O 17.Qg4 Kh8 18.Re3 g6  1/2-1/2

[Event "e2e4 Autumn Women"]
[Site "Uxbridge ENG"]
[Date "2010.08.14"]
[Round "7"]
[White "Andersson,C"]
[Black "Messam Sparks,L"]
[Result "1-0"]
[WhiteElo "2129"]
[BlackElo "1904"]

1.e4 c5 2.Nf3 e6 3.d4 cxd4 4.Nxd4 a6 5.Bd3 Nf6 6.O-O d6 7.Bg5 Be7 8.Nd2 O-O
9.Kh1 h6 10.Bh4 Qb6 11.N4b3 Nc6 12.f4 Nb4 13.Be2 Re8 14.c3 Nc6 15.Bxf6 Bxf6
16.Nc4 Qc7 17.Qxd6 Qxd6 18.Nxd6 Rd8 19.Nxc8 Raxc8 20.Rad1 Be7 21.g4 Rxd1
22.Rxd1 Rd8 23.Kg2 Rxd1 24.Bxd1 Kf8 25.e5 Ke8 26.Bf3 Kd7 27.Nd4 Bc5 28.Bxc6+ bxc6
29.h4 Be7 30.Kg3 g6 31.b4 Bd8 32.Nb3 Bb6 33.a3 Ke7 34.c4 Kd7 35.c5 Bc7 36.g5 h5
37.Nd2 Bb8 38.Nc4 Ke7 39.Kf3 Kd7 40.Ke4 Ke7 41.Kd4 Kd7 42.Kc3 Ke7 43.Kb3 Kd7
44.Ka4 Bc7 45.Nb6+  1-0

[Event "Pan-Armenian Olym"]
[Site "Yerevan ARM"]
[Date "2010.08.15"]
[Round "1"]
[White "Hairapetian,A"]
[Black "Ajrapetian,G"]
[Result "0-1"]
[WhiteElo "2213"]
[BlackElo "2427"]

1.e4 c5 2.Nf3 e6 3.d4 cxd4 4.Nxd4 a6 5.Bd3 Bc5 6.Nb3 Be7 7.Nc3 d6 8.O-O Nf6
9.Be3 Nbd7 10.f4 Qc7 11.Qf3 b5 12.a4 b4 13.Nb1 Bb7 14.N1d2 O-O 15.Qh3 d5
16.e5 Ne4 17.Nf3 g6 18.Nfd4 Ndc5 19.Rf3 Rfe8 20.Raf1 Bc8 21.g4 Bf8 22.Qh4 Qe7
23.Qe1 Nxa4 24.f5 exf5 25.gxf5 Qxe5 26.fxg6 hxg6 27.Rxf7 Bh3 28.Qh4 Qh5 29.Qxh5 gxh5
30.R1f3 Bg4 31.Rf1 Nxb2 32.Bxe4 dxe4 33.R7f6 Nc4 34.Bc1 e3 35.Rg6+ Bg7 36.Re1 Kh7
37.Rg5 Nd2 38.h3 Bh6 39.Rd5 Nxb3 40.cxb3 Bc8 41.Rxh5 Rg8+ 42.Kh2 Bb7 43.h4 Kg6
44.Rf5 Be4 45.Rg1+ Kh7 46.Rf7+ Kh8 47.Bb2 Rxg1 48.Kxg1 Rg8+ 49.Kf1 Rg2 50.Re7 Rf2+
51.Ke1 Bd3 52.Re8+ Kh7 53.Re7+ Kg8 54.Re8+ Kf7  0-1

[Event "Pan-Armenian Olym"]
[Site "Yerevan ARM"]
[Date "2010.08.15"]
[Round "1"]
[White "Abrahamyan,T"]
[Black "Arutinian,D"]
[Result "1-0"]
[WhiteElo "2310"]
[BlackElo "2573"]

1.e4 c5 2.Nf3 e6 3.d4 cxd4 4.Nxd4 a6 5.Bd3 Qb6 6.Nb3 Qc7 7.O-O d6 8.Qe2 Nc6
9.Na3 Nf6 10.Nc4 Be7 11.Be3 O-O 12.f4 b5 13.Ncd2 Bb7 14.c4 bxc4 15.Nxc4 Nb4
16.Bb6 Qb8 17.Bd4 Nxd3 18.Qxd3 Bxe4 19.Qe3 Qb4 20.Nb6 Rab8 21.a3 Qb5 22.a4 Qd3
23.Qxd3 Bxd3 24.Rf3 Be4 25.Rg3 e5 26.fxe5 dxe5 27.Bf2 Rfd8 28.Na5 h5 29.Nac4 Ng4
30.Rxg4 hxg4 31.Nxe5 Rd2 32.Re1 f5 33.Nbc4 Rc2  1-0

[Event "Negroponte Open"]
[Site "Chalkis GRE"]
[Date "2010.08.16"]
[Round "8"]
[White "Kourousis,E"]
[Black "Yakovich,Yur"]
[Result "0-1"]
[WhiteElo "2229"]
[BlackElo "2570"]

1.e4 c5 2.Nf3 e6 3.d4 cxd4 4.Nxd4 a6 5.Bd3 Bc5 6.Nb3 Be7 7.O-O d6 8.Nc3 Nf6
9.f4 Nc6 10.Qf3 Qc7 11.Bd2 Nb4 12.Nb5 Qb6+ 13.Be3 Qd8 14.N5d4 g6 15.Qg3 Bd7
16.a3 Nxd3 17.cxd3 Rc8 18.h3 O-O 19.Rac1 Rxc1 20.Rxc1 Re8 21.Nf3 Bb5 22.Rc3 e5
23.Qf2 Nd7 24.Nbd2 Bf6 25.d4 exd4 26.Bxd4 Bc6 27.Re3 b5 28.e5 dxe5 29.Nxe5 Nxe5
30.Bxe5 Bxe5 31.Rxe5 Rxe5 32.fxe5 Qd3 33.Nf3 Bxf3 34.gxf3 Qf5 35.Qd4 Qxf3
36.Kh2 Qf5 37.Qd8+ Kg7 38.Qd4 Kh6 39.Qh4+ Kg7 40.Qd4 Qe6 41.Kg3 h6 42.Kh2 g5
43.Kg3 Qc4 44.Qd6 Qb3+  0-1

[Event "Pan-Armenian Olym"]
[Site "Yerevan ARM"]
[Date "2010.08.17"]
[Round "3"]
[White "Abrahamyan,T"]
[Black "Gevorgyan,I"]
[Result "1-0"]
[WhiteElo "2310"]
[BlackElo "2163"]

1.e4 c5 2.Nf3 e6 3.d4 cxd4 4.Nxd4 a6 5.Bd3 Nf6 6.O-O Qc7 7.Nc3 Bc5 8.Nb3 Be7
9.Qe2 Nc6 10.f4 d6 11.Bd2 b5 12.Rae1 O-O 13.Rf3 b4 14.Nd1 e5 15.Ne3 Qa7 16.f5 a5
17.Rg3 Bb7 18.c3 a4 19.Nc1 bxc3 20.bxc3 Ba6 21.Bxa6 Qxa6 22.Qf3 Rfb8 23.Nd5 Kf8
24.Bg5 Qc4 25.Bxf6 Bxf6 26.Rh3 h6 27.Qg3 Bg5 28.Qxg5 Qxd5 29.exd5 hxg5 30.dxc6  1-0

[Event "Pan-Armenian Olym"]
[Site "Yerevan ARM"]
[Date "2010.08.20"]
[Round "6"]
[White "Gevorgyan,I"]
[Black "Hayrapetian,O"]
[Result "0-1"]
[WhiteElo "2163"]
[BlackElo "2324"]

1.e4 c5 2.Nf3 e6 3.d4 cxd4 4.Nxd4 a6 5.Bd3 Nf6 6.O-O Qc7 7.Qe2 d6 8.c4 g6
9.Nc3 Bg7 10.Rd1 O-O 11.Nf3 Nc6 12.Bd2 Ng4 13.h3 Nge5 14.Nxe5 Nd4 15.Qf1 dxe5
16.Rac1 f5 17.Kh1 f4 18.f3 g5 19.Be2 h5 20.Be1 Bd7 21.b4 Be8 22.c5 g4 23.fxg4 Bh6
24.Bf3 Qg7 25.Ne2 Bb5 26.Bd2 hxg4 27.hxg4 Nxe2 28.Bxe2 f3 29.gxf3 Bxd2  0-1

[Event "Pan-Armenian Olym"]
[Site "Yerevan ARM"]
[Date "2010.08.21"]
[Round "7"]
[White "Hayrapetian,A"]
[Black "Ambartsumova,K"]
[Result "1/2-1/2"]
[WhiteElo "2380"]
[BlackElo "2309"]

1.e4 c5 2.Nf3 e6 3.d4 cxd4 4.Nxd4 a6 5.Bd3 Nf6 6.O-O Qc7 7.Qe2 d6 8.c4 g6
9.b3 Bg7 10.Bb2 Nbd7 11.Nc3 O-O 12.Rad1 b6 13.f4 Re8 14.Kh1 e5 15.fxe5 Rxe5
16.Qf2 Nc5 17.Nf3 Re8 18.Qh4 Qe7 19.Ng5 h6 20.Nd5 Nxd5 21.Rxf7 hxg5 22.Rxe7 gxh4
23.Rxg7+ Kf8 24.Rf1+ Bf5 25.exf5 Nxd3 26.fxg6+ N5f4 27.Rf7+ Kg8 28.Rg7+ Kf8
29.Rf7+ Kg8 30.Rg7+ Kf8 31.Bc3 Re5 32.Rf7+ Kg8 33.Rd7 Rae8 34.Bxe5 dxe5 35.g3 hxg3
36.hxg3 Nc5 37.Rd6 Ne4 38.gxf4 Nxd6 39.fxe5 Ne4 40.Kg2 Rxe5 41.Rf7 Re6 42.Ra7 a5
43.g7 Nc5 44.Kf3 Rg6 45.Kf4 Rg2 46.Kf5 Rxa2 47.b4 Rf2+ 48.Kg6 Rg2+ 49.Kh6 axb4
50.Ra8+ Kf7 51.Rf8+ Ke6 52.g8=Q+ Rxg8 53.Rxg8 Ke5 54.Rb8 Nd7 55.Re8+ Kd6
56.Kg5 Ne5 57.Kf5 Nxc4 58.Ke4 b3 59.Kd3 b2 60.Kc2 Kc5 61.Rh8 Kb4 62.Rh3  1/2-1/2

[Event "9th Open"]
[Site "Istanbul TUR"]
[Date "2010.08.22"]
[Round "2"]
[White "Annaberdiev,M"]
[Black "Atman,B"]
[Result "1-0"]
[WhiteElo "2476"]
[BlackElo "1950"]

1.e4 c5 2.Nf3 e6 3.d4 cxd4 4.Nxd4 a6 5.Bd3 Bc5 6.Nb3 Ba7 7.O-O Nc6 8.Qe2 d6
9.Be3 Nf6 10.Nc3 O-O 11.Rad1 b5 12.a3 Qe7 13.Kh1 Ne5 14.Bxa7 Rxa7 15.f4 Nxd3
16.Rxd3 e5 17.f5 Rd7 18.Na5 Qd8 19.Nc6 Qb6 20.Nd5 Nxd5 21.exd5 f6 22.Qh5 Rc7
23.Rh3 g5 24.fxg6 Bxh3 25.Qxh3 hxg6 26.Qe6+ Kg7 27.Qxd6 Rcf7 28.h3 Qc7 29.Qc5 Rd7
30.Rd1 Qd6 31.Qe3 Rc8 32.Rd3 f5 33.Qxe5+ Qxe5 34.Nxe5 Rd6 35.Nc6 Rc7 36.b3 Kf6
37.Kg1 f4 38.Kf2 Kf5 39.c4 bxc4 40.bxc4 Rcxc6 41.dxc6 Rxc6 42.Rc3 Rc5 43.Kf3 Ke5
44.h4 Kf5 45.Rc2 Ra5 46.Rc3 Rc5 47.a4 a5 48.Rc2 Re5 49.c5 Re3+ 50.Kf2 Kg4
51.c6 Re8 52.c7 Rc8 53.Rc4 Kxh4 54.Rxf4+ Kg5 55.Rc4 Kf5 56.Kf3 Ke6 57.Kg4 Kf6
58.Rc6+ Kg7 59.Kg5 Kf7 60.g4  1-0

[Event "Pan-Armenian Olym"]
[Site "Yerevan ARM"]
[Date "2010.08.22"]
[Round "8"]
[White "Ajrapetian,G"]
[Black "Hayrapetian,O"]
[Result "1/2-1/2"]
[WhiteElo "2427"]
[BlackElo "2324"]

1.e4 c5 2.Nf3 e6 3.d4 cxd4 4.Nxd4 a6 5.Bd3 Nc6 6.Nxc6 dxc6 7.Nd2 Bc5 8.O-O e5
9.Nc4 f6 10.Qh5+ g6 11.Qf3 b5 12.Ne3 Be6 13.a4 Rc8 14.Rd1 Qe7 15.axb5 axb5
16.c3 h5 17.b4 Bb6 18.h3 Bb3 19.Nc2 Rd8 20.Be3 Bxe3 21.Qxe3 Rh7 22.Ra6 Qe6
23.Rda1 Rb7 24.Ne1 Bc4 25.Ra7 Rbd7 26.Rxd7 Rxd7 27.Ra8+ Kf7 28.Bc2 Qd6 29.Nf3 g5
30.Ra7 Rxa7 31.Qxa7+ Ne7 32.Qe3  1/2-1/2

[Event "6th Geller Memorial Open A"]
[Site "Odessa UKR"]
[Date "2010.08.24"]
[Round "4"]
[White "Tregubov,V"]
[Black "Boldysh,Maxim"]
[Result "0-1"]
[WhiteElo "2255"]
[BlackElo "1815"]

1.e4 c5 2.Nf3 e6 3.d4 cxd4 4.Nxd4 a6 5.Bd3 b5 6.O-O Qb6 7.Nb3 Qc7 8.a4 b4
9.N1d2 Nf6 10.Qe2 d6 11.a5 Be7 12.Nc4 Nbd7 13.Be3 Bb7 14.Nb6 Rd8 15.f3 Nb8
16.Na4 Rc8 17.c3 bxc3 18.Rac1 Qd8 19.bxc3 Nfd7 20.Rb1 Ne5 21.Rfd1 Nxd3 22.Rxd3 O-O
23.Nb6 Rc7 24.Nc5 Qe8 25.Nxb7 Rxb7 26.Rd4 Nc6 27.Ra4 Nb8 28.Qa2 Bf6 29.Rc4 Qe7
30.Rd1 Rc7 31.Bd4 Bg5 32.Qa4 Rd8 33.g4 h6 34.Bf2 Bf6 35.Rd3 Rxc4 36.Qxc4 Qb7
37.Qa4 Qc6 38.Qb4 Be7 39.Rd4 Qb7 40.Rc4 d5 41.Rc5 Bxc5 42.Bxc5 Nc6 43.Qa4 dxe4
44.fxe4 Ne5 45.Kf1 Rd2 46.Be3 Rxh2 47.Bf2 Qe7 48.Kg1 Nf3+ 49.Kf1 Qf6 50.Qe8+ Kh7
51.Nd7 Nd2+ 52.Ke2 Rxf2+ 53.Kd3 Qf3+ 54.Kd4 Qxe4+ 55.Kc5 Qc4+ 56.Kd6 Ne4+
57.Ke7 h5 58.Nf8+ Kh6 59.Nd7 Qc7  0-1

[Event "25th Open"]
[Site "Schwarzach AUT"]
[Date "2010.08.24"]
[Round "4"]
[White "Palac,M"]
[Black "Eisenbeiser,A"]
[Result "1-0"]
[WhiteElo "2562"]
[BlackElo "2397"]

1.e4 c5 2.Nf3 e6 3.d4 cxd4 4.Nxd4 a6 5.Bd3 Nf6 6.O-O Qc7 7.Qe2 d6 8.c4 g6
9.Nc3 Bg7 10.Rd1 O-O 11.Be3 Nbd7 12.Rac1 Ne5 13.f3 b6 14.Qd2 Bb7 15.Bf1 Rac8
16.Na4 Ned7 17.Ne2 Ne8 18.b4 Bc6 19.Nac3 Qb8 20.Nd4 Ba8 21.Nb3 Rc7 22.a3 Ne5
23.Bh6 Nd7 24.Bxg7 Kxg7 25.Qd4+ Kg8 26.Rd2 f5 27.exf5 gxf5 28.Qe3 Rf6 29.Ne2 Ne5
30.Nf4 Re7 31.Nd4 Ng7 32.c5 bxc5 33.bxc5 Rc7 34.Nb3 Nf7 35.Bxa6 dxc5 36.Bc4 Qc8
37.Qc3 Rh6 38.Re1 Kf8 39.Qe3 Rc6 40.Nxe6+ Nxe6 41.Qxh6+  1-0

[Event "6th Geller Memorial Open A"]
[Site "Odessa UKR"]
[Date "2010.08.25"]
[Round "5"]
[White "Kotenko,P"]
[Black "Sivuk,V"]
[Result "0-1"]
[WhiteElo "2396"]
[BlackElo "2448"]

1.e4 c5 2.Nf3 e6 3.d4 cxd4 4.Nxd4 a6 5.Bd3 Nf6 6.Nc3 d6 7.O-O Qc7 8.f4 Nbd7
9.Kh1 Be7 10.Qe2 O-O 11.Bd2 g6 12.Rae1 Nc5 13.e5 Nfd7 14.Nd1 Nxd3 15.cxd3 b5
16.Ba5 Qb7 17.Qe3 dxe5 18.fxe5 b4 19.Qc1 Nc5 20.Qh6 Qd5 21.Rf3 f5 22.exf6 Rxf6
23.Rxf6 Bxf6 24.Nc2 Nxd3 25.Nxb4 Qxa5 26.Nxd3 Bb7 27.Qe3 Qxa2 28.Qxe6+ Qxe6
29.Rxe6 Rd8 30.N1f2 Bd4 31.Re7 Bc6 32.h4 Bb5 33.b3 Rf8 34.Ng4 Rf1+ 35.Kh2 Bxd3
36.Rd7 Bg1+ 37.Kg3 Bb5  0-1

[Event "46th Akiba Rubinstein Open A"]
[Site "Polanica Zdroj POL"]
[Date "2010.08.26"]
[Round "8"]
[White "Szmyd,M"]
[Black "Panas,P"]
[Result "1/2-1/2"]
[WhiteElo "2171"]
[BlackElo "2194"]

1.e4 c5 2.Nf3 e6 3.d4 cxd4 4.Nxd4 a6 5.Bd3 Bc5 6.Nb3 Be7 7.Nc3 Qc7 8.O-O Nf6
9.f4 d6 10.Qe2 Nbd7 11.Bd2 b5 12.a3 Bb7 13.Rae1 g6 14.e5 Nd5 15.Nxd5 Bxd5
16.exd6 Bxd6 17.Bc3 O-O 18.Ba5 Qb7 19.Nd2 Nc5 20.Ne4 Be7 21.Bc3 Nxe4 22.Bxe4 Bc5+
23.Kh1 Bxe4 24.Qxe4  1/2-1/2

[Event "6th Geller Memorial Open A"]
[Site "Odessa UKR"]
[Date "2010.08.27"]
[Round "7"]
[White "Kotenko,P"]
[Black "Budnikov,O"]
[Result "0-1"]
[WhiteElo "2396"]
[BlackElo "2398"]

1.e4 c5 2.Nf3 e6 3.d4 cxd4 4.Nxd4 a6 5.Bd3 Bc5 6.Nb3 Be7 7.O-O d6 8.Na3 Nf6
9.Be3 O-O 10.Nc4 Nbd7 11.a4 d5 12.exd5 Nxd5 13.Bd2 b6 14.Re1 Bb7 15.Be4 Qc7
16.Ne3 N7f6 17.Nxd5 Nxd5 18.Nd4 Bf6 19.c3 Bxd4 20.cxd4 Nf6 21.Bd3 Qd6 22.Bc3 Rfd8
23.Re5 a5 24.Qb3 Bd5 25.Qd1 Rac8 26.Qe2 Qc6 27.Rg5 g6 28.Qe5 Nd7 29.Qe3 Qd6
30.Rg3 f5 31.Qg5 Qf8 32.Re1 Nf6 33.h4 Kf7 34.Rh3 h6 35.Qe3 Kg7 36.f3 Qd6
37.Bd2 Rh8 38.Qf2 Bc4 39.Bb1 Rhd8 40.g3 Rc6 41.Bc3 Nd5 42.Bd2 Rf8 43.Rh1 Bb3
44.Kh2 Bxa4 45.Re5 Bb3 46.Rhe1 Bc4 47.Bc2 Qd7 48.b3 Ba6 49.Bb1 Bb5 50.Bc1 Qf7
51.Ba3 Rd8 52.Qd2 Qf6 53.Kh3 Ba6 54.Bc1 Rh8 55.Ba3 Bc8 56.Bd3 Rd8 57.Bc1 f4
58.Be4 Rc3 59.gxf4 Rxb3 60.Rg1 Ne7 61.h5 Kh8 62.hxg6 Kg7 63.f5 Rh8 64.Qa2 Rb4
65.Rxe6 Bxe6 66.Qxe6 Qxe6 67.fxe6 Rd8 68.d5 Rb5 69.Rd1 Rdxd5 70.Bxd5 Rxd5
71.Rg1 Rh5+ 72.Kg4 Kxg6 73.f4 Rd5 74.Ba3 Nf5 75.Bb2 Rd3  0-1

[Event "ch-RUS Higher League"]
[Site "Irkutsk RUS"]
[Date "2010.08.28"]
[Round "3"]
[White "Dvoirys,S"]
[Black "Bocharov,D"]
[Result "0-1"]
[WhiteElo "2569"]
[BlackElo "2618"]

1.e4 c5 2.Nf3 e6 3.d4 cxd4 4.Nxd4 a6 5.Bd3 Nf6 6.O-O Qc7 7.c4 Nc6 8.Nxc6 dxc6
9.Be3 e5 10.f3 Be6 11.c5 Nd7 12.Qc2 Be7 13.Nd2 a5 14.Be2 O-O 15.b3 Rfd8 16.Rfd1 h6
17.a3 Bg5 18.Bf2 a4 19.b4 Bxd2 20.Rxd2 Bb3 21.Qc3 Nf8 22.b5 cxb5 23.Bxb5 Ne6
24.Rxd8+ Rxd8 25.Qb4 Nd4 26.Bxa4 Nc2 27.Qxb3 Nxa1 28.Qc3 b5 29.Bxb5 Rd1+
30.Bf1 Qb7 31.Qb4 Qa6 32.Be1 Qa7 33.Kf2 Nc2 34.Qa5 Qe7 35.Bc3 Nd4 36.Bxd4 exd4
37.Qa8+ Kh7 38.Qd5 Qh4+ 39.Kg1 Qf4 40.h3 Qe3+ 41.Kh2 Qf4+ 42.Kg1 g6 43.c6 Kg7
44.Qc4 Qe3+ 45.Kh2 Rc1 46.Qd5 Rxf1 47.Qe5+ Kh7 48.Qf6 Qb3 49.Qf4 Rf2 50.c7 Rc2  0-1

[Event "6th Geller Memorial Open A"]
[Site "Odessa UKR"]
[Date "2010.08.28"]
[Round "8"]
[White "Spodyniuk,V"]
[Black "Lomakin,V"]
[Result "1/2-1/2"]
[WhiteElo "1952"]
[BlackElo "2092"]

1.e4 c5 2.Nf3 e6 3.d4 cxd4 4.Nxd4 a6 5.Bd3 Bc5 6.Nb3 Be7 7.a4 b6 8.Nc3 d6
9.O-O Nf6 10.Qe2 Nbd7 11.f4 Qc7 12.Bd2 Bb7 13.Rae1 O-O 14.e5 Ne8 15.Kh1 g6
16.Be4 Ng7 17.Nd1 f5 18.Bxb7 Qxb7 19.exd6 Bxd6 20.Qd3 Qc7 21.Bc3 Nf6 22.Bxf6 Rxf6
23.g3 Rff8 24.Nc3 Qc6+ 25.Qf3 Qc4 26.Rd1 Qc7 27.Rfe1 Bb4 28.Re3 Rad8 29.Rdd3 Rfe8
30.Qe2 Qc8 31.Na2 Be7 32.Nc3 Bf6 33.Rxd8 Rxd8 34.Rd3 Rxd3 35.Qxd3 Qb7+ 36.Kg1 h5
37.Nd4 h4 38.Nce2 h3 39.Qf3 Qd7 40.c3 Qxa4 41.Qd3 a5 42.b3 Qd7 43.Kf2 Bxd4+
44.Qxd4 Qc6 45.Ke1 Kf7 46.Kd2 Ne8 47.Kc2 Nf6 48.Qg1 Qe4+ 49.Kd2 Qc6 50.Qf1 b5
51.Qxh3 b4 52.cxb4 axb4 53.Qf1 Qd5+ 54.Kc2 Qe4+ 55.Kb2 Nd5 56.Qd1 Qe3 57.h3 Ke7
58.Kc2 Qa7 59.Qd4 Qa6 60.Qc5+ Kf7 61.Nc1 Kg8 62.Qd4 Kh7 63.Nd3 Qa2+ 64.Qb2 Qa7
65.Qe5 Qb6 66.Kd2 Qa6 67.Qd4  1/2-1/2

[Event "1st Campomanes Memorial Cup Open"]
[Site "Manila PHI"]
[Date "2010.08.30"]
[Round "4"]
[White "Segarra,R"]
[Black "Laylo,D"]
[Result "1/2-1/2"]
[WhiteElo "2308"]
[BlackElo "2522"]

1.e4 c5 2.Nf3 e6 3.d4 cxd4 4.Nxd4 a6 5.Bd3 Bc5 6.Nb3 Be7 7.O-O d6 8.a4 Nf6
9.Be3 Nbd7 10.Na3 O-O 11.Nc4 d5 12.exd5 exd5 13.Ncd2 Ne5 14.h3 Nxd3 15.cxd3 Bf5
16.Nf3 Rc8 17.Nbd4 Bg6 18.Qb3 Bd6 19.Nh4 Qd7 20.Nxg6 hxg6 21.Nf3 Nh5 22.Rfe1 Rfe8
23.Bd2 Bf4 24.Rxe8+ Rxe8 25.Bxf4 Nxf4 26.Re1 Rxe1+ 27.Nxe1 Qe7 28.Nf3 f6
29.Qc2 Qe2 30.Qxe2 Nxe2+ 31.Kf1 Nc1 32.d4 Kf7 33.g4 g5 34.Ne1 Ke6 35.f3 Kd6
36.Kf2 Kc6 37.Ke3 b5 38.Kd2 Na2 39.b3 Kb6 40.axb5 Kxb5 41.Nd3 Nb4 42.Nc5 Nc6
43.Kc3 Nd8 44.Kd3 a5 45.Kc3 Kc6 46.Kd3 Kd6 47.Ke3 Nc6 48.Nb7+ Kc7 49.Nc5 Kb6
50.Ne6 Kb5 51.Kd3 Kb4 52.Kc2 Ka3 53.Kc3 Nb4  1/2-1/2